书目信息 |
| 题名: |
全球中文互联网网址黄页(2000版)--商业/经济篇
|
|
| 作者: | 我是野虎 编 | |
| 分册: | ||
| 出版信息: | 北京 电子工业出版社 2000.01 |
|
| 页数: | 380页 | |
| 开本: | 16开 | |
| 丛书名: | ||
| 单 册: | ||
| 中图分类: | TP393.092 | |
| 科图分类: | ||
| 主题词: | 计算机应用 | |
| 电子资源: | ||
| ISBN: | 7-5053-5782-4 | |
| 000 | 00637nam0 2200193 45 | |
| 001 | 0011141979 | |
| 005 | 20010330101141.8 | |
| 010 | @a7-5053-5782-4@d36.00元 | |
| 100 | @a20001114d2000 km y0chiy0120 ea | |
| 101 | 0 | @achi |
| 105 | @a z 000yy | |
| 200 | 1 | @a全球中文互联网网址黄页(2000版)--商业/经济篇@AQuan Qiu Zhong Wen Hu Lian Wang Wang Zhi Huang Ye(2000 Ban)--Shang Ye/Jing Ji Pian@f我是野虎编@FWo Shi Ye Hu Bian |
| 210 | @a北京@c电子工业出版社@d2000.01 | |
| 215 | @a380页@d16开 | |
| 606 | 0 | @a计算机应用 |
| 690 | @aTP393.092@v3 | |
| 701 | 0 | @a我是野虎@4编 |
| 801 | @aCN@bPftUser@c20001114 | |
| 905 | @dTP393.092@eW925/1@b334038@f1 | |
| 全球中文互联网网址黄页(2000版)--商业/经济篇/我是野虎编.-北京:电子工业出版社,2000.01 |
| 380页;16开 |
| ISBN 7-5053-5782-4:36.00元 |
| ● |
| 相关链接 |
|
|
|
正题名:全球中文互联网网址黄页(2000版)--商业/经
索取号:TP393.092/W925/1
 
预约/预借
| 序号 | 登录号 | 条形码 | 馆藏地/架位号 | 状态 | 备注 |
| 1 | 334038 | 203340385 | 自科二线404/301自科库 126排1列4层/ [索取号:TP393.092/W925/1] | 在馆 |